000 00305nam a22001457a 4500
008 230419b ||||| |||| 00| 0 eng d
020 _a9780194342773
041 _aeng
080 _a37
082 _a37JAC
100 _a24
101 _aEDU
245 _aENGLISH SYNTAX
_cJACOBS.A.R
942 _2udc
_cBK
999 _c59611
_d59611